[Event "XII Open"]
[Site "Balaguer ESP"]
[Date "2007.07.19"]
[Round "4"]
[White "Abhishek,D"]
[Black "Aroshidze,L"]
[Result "1/2-1/2"]
[WhiteElo "2321"]
[BlackElo "2470"]

1.e4 c5 2.Nf3 e6 3.d4 cxd4 4.Nxd4 Nc6 5.Nc3 Qc7 6.Be2 a6 7.Be3 Nf6 8.O-O Be7
9.a4 O-O 10.f4 d6 11.Kh1 Re8 12.Bf3 Bd7 13.Nb3 b6 14.g4 Bc8 15.g5 Nd7 16.Bg2 Rb8
17.Qh5 Bf8 18.Rf3 g6 19.Qh4 Bg7 20.Rh3 Nf8 21.Rf1 Ne7 22.Rhf3 b5 23.axb5 axb5
24.Bd4 b4 25.Bxg7 Kxg7 26.Nd1 d5 27.Nf2 Qxc2 28.Nd4 Qxb2 29.Ng4 Ba6 30.Rd1 dxe4
31.Rb3 Qa2 32.Nf6 Bd3 33.Qe1 Qa5 34.Nxe8+ Rxe8 35.Bxe4 Bxe4+ 36.Qxe4 Rd8
37.Rdb1 Qd5 38.Qxd5 Nxd5 39.Nc6 Rd6 40.Ne5 Nd7 41.Nxd7 Rxd7 42.Rd1 Rc7 43.Rd4 Rc2
44.h4 h5 45.Kg1 Kf8 46.Kh1 Ke7 47.Kg1 Ra2 48.Kh1 Ra4 49.Kg2 Kd6 50.Rc4 Ra5
51.Kf3 Rc5 52.Rd4 Kc6 53.Rdxb4 Nxb4 54.Rxb4 Kd6 55.Rb7 Rc7 56.Rb5 Rc3+ 57.Ke4 Rc4+
58.Ke3 Ke7 59.Rb7+ Kf8 60.Kf3 Rc3+ 61.Kg2 Re3 62.Rb8+ Kg7 63.Rb5 Rd3 64.Rb7 Rd5
65.Kf3 Ra5 66.Re7 Kf8 67.Rb7 Rc5 68.Ra7 e5 69.fxe5 Rxe5 70.Kf4 Rd5 71.Rb7 Rd4+
72.Kg3 Ke8 73.Ra7 Rd7 74.Ra3 Ke7 75.Re3+ Kd6 76.Rd3+ Ke6 77.Re3+ Kf5 78.Rf3+ Ke4
79.Rf4+ Ke5 80.Rf6 Rd3+ 81.Kg2 Rd4 82.Kg3 Rg4+ 83.Kh3 Rf4 84.Ra6 Rf1 85.Kg3 Rd1
86.Rf6 Rd7 87.Kh3 Ra7  1/2-1/2

[Event "Lichtenstein Mem"]
[Site "Elkana ISR"]
[Date "2007.07.19"]
[Round "5"]
[White "Caspi,I"]
[Black "Lerner,K"]
[Result "1-0"]
[WhiteElo "2318"]
[BlackElo "2515"]

1.e4 c5 2.Nf3 e6 3.d4 cxd4 4.Nxd4 Nc6 5.Nc3 a6 6.Be3 Nf6 7.Qd2 Bb4 8.f3 d5
9.O-O-O Qa5 10.Nxc6 bxc6 11.Bd4 dxe4 12.Qf4 Qf5 13.Qg3 Qg6 14.Qxg6 hxg6 15.Nxe4 Nxe4
16.fxe4 f6 17.e5 Be7 18.Bc4 Kf7 19.Bc3 c5 20.exf6 gxf6 21.Rde1 Rb8 22.Re2 Rb6
23.h3 Rh4 24.b3 f5 25.Be1 Bg5+ 26.Bd2 Bf6 27.Rhe1 Rh8 28.Be3 Rc6 29.Rd1 Rd8
30.Rf1 Rh8 31.Rfe1 Rh4 32.Bf2 Rh8 33.Bg3 Rd8 34.a4 Rd4 35.c3 Rd8 36.Kc2 g5
37.Be5 Bxe5 38.Rxe5 Kf6 39.Bf1 Rc7 40.Bxa6 Rd6 41.Bc4 Rcc6 42.R1e2 Rc7 43.a5 Rcc6
44.Kc1 Rc7 45.Kb2 Rcc6 46.Bb5 Rc7 47.b4 cxb4 48.cxb4 Bb7 49.Rc5 Re7 50.Bc4 e5
51.b5 e4 52.a6 Ba8 53.Rc8 Bd5 54.Rd2 Bxc4 55.Rxd6+ Ke5 56.Rd1 Be2 57.Ra1 Ra7
58.Rb8 Kf4 59.Rb7 Ra8 60.a7  1-0

[Event "Synthesia Rapid Open"]
[Site "Pardubice CZE"]
[Date "2007.07.19"]
[Round "7"]
[White "Kononenko,Dmitry1"]
[Black "Laznicka,V"]
[Result "0-1"]
[WhiteElo "2501"]
[BlackElo "2594"]

1.e4 c5 2.Nf3 e6 3.d4 cxd4 4.Nxd4 Nc6 5.Nc3 a6 6.Be2 d6 7.O-O Nf6 8.Be3 Be7
9.f4 O-O 10.a4 Bd7 11.Nb3 b6 12.Bf3 Qc7 13.Qe2 Rfe8 14.Rae1 Bf8 15.Bf2 Bc8
16.Qc4 Ra7 17.e5 d5 18.Qe2 Nd7 19.Nd4 Bb4 20.Rd1 Na5 21.Na2 Bf8 22.Nc1 Nb7
23.Bg3 Nbc5 24.c4 dxc4 25.Nc6 Rb7 26.Qxc4 b5 27.axb5 Rxb5 28.b4 Nb6 29.Qe2 Nca4
30.Na2 Nd5 31.Nd4 Nac3 32.Qc2 Nxa2 33.Qxa2 Rxb4 34.Bxd5 exd5 35.Bf2 Rc4 36.Nf3 Rxf4
37.Qxd5 Bb7 38.Qd2 Bxf3 39.Qxf4 Bxd1 40.Rxd1 Qxe5 41.Qxe5 Rxe5 42.Rd8 f6
43.Ra8 Ra5 44.Bb6 Ra1+ 45.Kf2 Kf7 46.g4 Ra2+ 47.Kf3 g5 48.Bd4 Bd6 49.h3 Ra4
50.Ra7+ Kg6 51.Ke3 Bh2  0-1

[Event "Campeonato Continental Absolut"]
[Site "Cali COL"]
[Date "2007.07.20"]
[Round "11"]
[White "Sanchez Castillo,S"]
[Black "Cardona,F"]
[Result "1-0"]
[WhiteElo "2340"]
[BlackElo "2152"]

1.e4 c5 2.Nf3 Nc6 3.Nc3 e6 4.d4 cxd4 5.Nxd4 a6 6.Be2 Nge7 7.O-O Nxd4 8.Qxd4 Nc6
9.Qd3 Be7 10.Qg3 O-O 11.e5 Kh8 12.Ne4 f5 13.exf6 gxf6 14.Nd6 Bxd6 15.Qxd6 Qe7
16.Qg3 d6 17.Rd1 e5 18.Bh6 Rg8 19.Qh4 Bf5 20.c3 Rad8 21.Rd5 Rg6 22.Rad1 Be6
23.R5d3 d5 24.Rg3 Rdg8 25.Be3 f5 26.Qxe7 Nxe7 27.f4 Rxg3 28.hxg3 Rxg3 29.Kf2 Rg8
30.fxe5 Rc8 31.Bg5 Ng6 32.Bf3 Rc5 33.a4 Kg8 34.Bf6 Nf8 35.Be7 Rc4 36.Bxd5 Bxd5
37.Rxd5 Ng6 38.Bf6 Rf4+ 39.Kg1 Re4 40.a5 Re1+ 41.Kf2  1-0

[Event "Czech Open GMA"]
[Site "Pardubice CZE"]
[Date "2007.07.20"]
[Round "1"]
[White "Srebrnic,M"]
[Black "Gajewski,G"]
[Result "0-1"]
[WhiteElo "2298"]
[BlackElo "2556"]

1.e4 c5 2.Nf3 Nc6 3.d4 cxd4 4.Nxd4 e6 5.Nc3 Qb6 6.Nb3 Nf6 7.Bd3 d6 8.Be3 Qc7
9.f4 a6 10.Qf3 b5 11.g4 Bb7 12.g5 Nd7 13.Qh3 g6 14.O-O b4 15.Ne2 Bg7 16.Ned4 Nxd4
17.Nxd4 e5 18.Nf3 exf4 19.Bxf4 O-O 20.Qg3 Qb6+ 21.Kh1 Rfe8 22.Bxd6 Bxe4 23.Bxe4 Rxe4
24.Rae1 Rae8 25.Rxe4 Rxe4 26.Re1 Rxe1+ 27.Nxe1 Qc6+ 28.Kg1 Bxb2 29.Nd3 Bd4+
30.Kf1 Qxc2 31.Nxb4 Qd1+ 32.Kg2 Qe2+ 33.Kh3 a5 34.Nd5 Qxa2 35.Qf3 Kg7 36.Be7 Qf2
37.Qe4 Be5 38.Kg4 Qxh2 39.Bf6+ Kf8 40.Be7+ Kg8  0-1

[Event "Czech Open GMA"]
[Site "Pardubice CZE"]
[Date "2007.07.20"]
[Round "1"]
[White "Bromberger,S"]
[Black "Genutis,M"]
[Result "1-0"]
[WhiteElo "2500"]
[BlackElo "2283"]

1.Nf3 c5 2.e4 e6 3.d4 cxd4 4.Nxd4 Nc6 5.Nc3 a6 6.Nxc6 bxc6 7.Bd3 d5 8.O-O Nf6
9.Re1 Be7 10.e5 Nd7 11.Qg4 g6 12.b3 Qa5 13.Bd2 Qc7 14.Na4 c5 15.Qe2 O-O 16.c4 d4
17.h4 Bb7 18.h5 Rfe8 19.Bf4 Bc6 20.Qg4 Bf8 21.Be4 Nb6 22.Nxb6 Qxb6 23.Bg5 Bxe4
24.Rxe4 a5 25.Bf6 a4 26.Rb1 Qc6 27.bxa4 Rxa4 28.Qh4 Rb4 29.Rxb4 cxb4 30.Rxd4 Qa4
31.Kh2 Qxa2 32.hxg6 fxg6 33.Rd7 h6 34.Qe4  1-0

[Event "XII Open"]
[Site "Balaguer ESP"]
[Date "2007.07.21"]
[Round "6"]
[White "Arun,K"]
[Black "Aroshidze,L"]
[Result "0-1"]
[WhiteElo "2329"]
[BlackElo "2470"]

1.e4 c5 2.Nf3 e6 3.d4 cxd4 4.Nxd4 Nc6 5.Nc3 Qc7 6.f4 a6 7.Nxc6 bxc6 8.Bd3 d5
9.O-O Nf6 10.Qe2 Be7 11.b3 O-O 12.Bb2 Bb7 13.e5 Nd7 14.Na4 g6 15.c4 Nc5 16.Nxc5 Bxc5+
17.Kh1 a5 18.Rac1 Qe7 19.f5 exf5 20.cxd5 cxd5 21.e6 Bd6 22.exf7+ Rxf7 23.Qf2 h6
24.Rce1 Qd7 25.Qd4 Kh7 26.g4 f4 27.Rg1 Re8 28.Rxe8 Qxe8 29.h4 Be5 30.h5 Bxd4
31.hxg6+ Kg8 32.gxf7+ Kxf7 33.Bxd4 Qe7 34.g5 hxg5 35.Kg2 Qb4 36.Bf2 Qd2 37.Bh7 d4+
38.Kf1 Qd1+ 39.Be1 Qf3+ 40.Bf2 Ba6+  0-1

[Event "ch-Montenegro"]
[Site "Cetinje MNE"]
[Date "2007.07.21"]
[Round "10"]
[White "Nikac,P"]
[Black "Podlesnik,B"]
[Result "0-1"]
[WhiteElo "2358"]
[BlackElo "2403"]

1.e4 c5 2.Nc3 e6 3.Nf3 Nc6 4.d4 cxd4 5.Nxd4 Nf6 6.Be2 Bb4 7.O-O Bxc3 8.bxc3 Nxe4
9.Nxc6 bxc6 10.Bd3 d5 11.Bxe4 dxe4 12.Qg4 O-O 13.Ba3 f5 14.Qe2 Re8 15.Rfd1 Qa5
16.Bb4 Qb5 17.Qe3 e5 18.Rab1 Qc4 19.g3 Qxa2 20.Bd6 Qxc2 21.Qc5 f4 22.Qxc6 Bg4
23.Qd5+ Be6 24.Qxe5 e3 25.Qxf4 Bd5 26.Re1 Rad8 27.c4 Bc6 28.c5 Re4 29.Rbc1 Qa2
30.Qf5 Rde8 31.Rf1 g6 32.Qh3 e2 33.Rfe1 Qd2 34.Ra1 Ra4 35.Bf4 Qd5  0-1

[Event "Czech Open GMA"]
[Site "Pardubice CZE"]
[Date "2007.07.21"]
[Round "2"]
[White "Lagerman,R"]
[Black "Adla,D"]
[Result "1/2-1/2"]
[WhiteElo "2315"]
[BlackElo "2472"]

1.e4 c5 2.Nf3 e6 3.d4 cxd4 4.Nxd4 Nc6 5.Nc3 Qc7 6.Be2 a6 7.O-O Nf6 8.Kh1 Nxd4
9.Qxd4 Bc5 10.Qd3 b5 11.f4 h5 12.e5 Ng4 13.Bf3 Bb7 14.Bxb7 Qxb7 15.Ne4 Rc8
16.Bd2 Be7 17.a3 f5 18.exf6 gxf6 19.Bb4 d5 20.Nc3 Bxb4 21.axb4 f5 22.Ne2 Nf6
23.Nd4 Ke7 24.Nf3 Ne4 25.c3 h4 26.Qd4 Rcg8 27.Ra3 h3 28.g3 Rh7 29.Rfa1 Ra8
30.Ne5 Kf8  1/2-1/2

[Event "Czech Open GMA"]
[Site "Pardubice CZE"]
[Date "2007.07.21"]
[Round "2"]
[White "Klima,L"]
[Black "Dvoirys,S"]
[Result "1/2-1/2"]
[WhiteElo "2405"]
[BlackElo "2577"]

1.e4 c5 2.Nf3 Nc6 3.d4 cxd4 4.Nxd4 e6 5.Nc3 d6 6.Be2 Nf6 7.O-O Be7 8.Be3 Bd7
9.f4 Nxd4 10.Qxd4 Bc6 11.Rad1 O-O 12.g4 Nd7 13.Qd2 Nc5 14.Bf3 b5 15.Qg2 b4
16.Ne2 Qc7 17.Nd4 Bb7 18.g5 Rfe8 19.f5 g6 20.fxe6 fxe6 21.Qh3 Bf8 22.Bg4 Bc8
23.Nb5 Qd7 24.Nxd6 Bxd6 25.e5 Ne4 26.exd6 Ba6 27.Rf4 Bb7 28.Qh6 Nxd6 29.Rf6 Qc6
30.Bf3 Qc7 31.Bxb7 Nxb7 32.Qh3 Rad8 33.Bd4 Qxc2 34.Rdf1 Nd6 35.Rxe6 Rf8 36.Bf6 Qc5+
37.Qe3 Qxe3+ 38.Rxe3 Rde8 39.Rd3 Ne4 40.Rd7 Nxf6 41.Rxf6 Rxf6 42.gxf6 Re2
43.Rg7+ Kf8 44.Rxh7 a5 45.Ra7 Rxb2 46.Rxa5 Kf7 47.Ra6 Ke8  1/2-1/2

[Event "29th Politiken Cup"]
[Site "Copenhagen DEN"]
[Date "2007.07.22"]
[Round "3"]
[White "Blomqvist,E"]
[Black "Andersen,Mad"]
[Result "1-0"]
[WhiteElo "2313"]
[BlackElo "2070"]

1.e4 c5 2.Nf3 e6 3.d4 cxd4 4.Nxd4 Nc6 5.Nc3 Qc7 6.Be2 Nf6 7.O-O a6 8.Kh1 Be7
9.Be3 O-O 10.f4 d6 11.Qe1 Bd7 12.Qg3 Nxd4 13.Bxd4 Bc6 14.Bd3 g6 15.Rae1 b5
16.e5 dxe5 17.Bxe5 Qb7 18.Re2 Rfd8 19.a3 Nh5 20.Qe3 Qa7 21.Qh3 Nf6 22.f5 exf5
23.Bxf5 Nd7 24.Bxg6 Bxg2+ 25.Rxg2 Nxe5 26.Qxh7+ Kf8 27.Qh8+  1-0

[Event "Czech Open GMA"]
[Site "Pardubice CZE"]
[Date "2007.07.22"]
[Round "3"]
[White "Tvarijonas,P"]
[Black "Zherebukh,Y"]
[Result "0-1"]
[WhiteElo "2223"]
[BlackElo "2418"]

1.e4 c5 2.Nf3 e6 3.d4 cxd4 4.Nxd4 Nc6 5.Nc3 Be7 6.Be3 Nf6 7.Be2 d6 8.O-O O-O
9.Kh1 a6 10.f4 Qc7 11.Qe1 Nxd4 12.Bxd4 b5 13.e5 dxe5 14.Bxe5 Qa7 15.Qg3 g6
16.Bd3 Nh5 17.Qf3 f6 18.Be4 fxe5 19.Bxa8 exf4 20.Be4 Bf6 21.Rae1 Qg7 22.Nd1 Qh6
23.Nf2 Ng3+ 24.Kg1 Nxf1 25.Ng4 Qg7 26.Nxf6+ Qxf6 27.Kxf1 Qxb2 28.Qd3 Kg7
29.a3 Rf7 30.Qd6 Qc3 31.Bd3 f3 32.gxf3 Rxf3+ 33.Ke2 Rf7 34.Rf1 e5 35.Rxf7+ Kxf7
36.Qd5+ Kg7 37.Qd6 Bg4+ 38.Kf1 Bh3+ 39.Ke2 Bg4+ 40.Kf1 Qd4 41.Qe7+ Kh6 42.Qh4+ Bh5
43.Qe7 Qf4+ 44.Ke1 Bf3 45.Qd6 Qe3+ 46.Kf1 Bg4 47.Qf8+ Kh5 48.Bxg6+ hxg6 49.Qh8+ Kg5
50.h4+ Kf4 51.Qh6+ Kf3  0-1

[Event "Czech Open GMA"]
[Site "Pardubice CZE"]
[Date "2007.07.22"]
[Round "3"]
[White "Safarli,E"]
[Black "Laznicka,V"]
[Result "0-1"]
[WhiteElo "2471"]
[BlackElo "2594"]

1.e4 c5 2.Nf3 e6 3.d4 cxd4 4.Nxd4 Nc6 5.Nc3 a6 6.Nxc6 bxc6 7.e5 Qc7 8.Bf4 f5
9.g4 Nh6 10.gxf5 Nxf5 11.Bd3 Rb8 12.Qf3 Rxb2 13.O-O Be7 14.Bxf5 exf5 15.Rad1 O-O
16.Kh1 Bb7 17.Rg1 Rxc2 18.Bh6 Rf7 19.Bxg7 Rxg7 20.Rxg7+ Kxg7 21.Rg1+ Kh8
22.Qg3 c5+ 23.f3 Bg5 24.Ne4 Bxe4 25.fxe4 Qc6 26.Qf3 Qh6  0-1

[Event "2nd Crete Summer Cup"]
[Site "Agios Nikolaos GRE"]
[Date "2007.07.23"]
[Round "3"]
[White "Sandalakis,A"]
[Black "Panagiotopolous,A"]
[Result "1/2-1/2"]
[WhiteElo "2355"]
[BlackElo "2203"]

1.e4 c5 2.Nf3 e6 3.d4 cxd4 4.Nxd4 Nc6 5.Nc3 Qc7 6.Be3 a6 7.Bd3 Nf6 8.O-O Nxd4
9.Bxd4 Bc5 10.Bxc5 Qxc5 11.Qf3 d6 12.Rae1 O-O 13.Qg3 e5 14.Qh4 Be6 15.Re3 Rad8
16.Rg3 Nd7 17.Kh1 g6 18.Qg5 Rde8 19.Nd1 Qc7 20.Ne3 Nc5 21.Nf5 Nxd3 22.cxd3 Qd8
23.Qh6 Bxf5 24.exf5 Qf6 25.Rh3 Qg7 26.Qh4 f6 27.fxg6 hxg6 28.Qb4 Qd7 29.Rg3 Kg7
30.h3 Rc8 31.f4 exf4 32.Rxf4 Rc5 33.Kh2 Rf7 34.Rfg4 g5 35.Qd4 Kg6 36.b4 Re5
37.Qc3 Qe6 38.d4 Re4 39.Qc2 Re7 40.h4 Kh5 41.Rxe4 Qxe4 42.Qc8 gxh4 43.Rf3 Kg6
44.Qf8 Qe6 45.a3 Re8 46.Rxf6+ Qxf6 47.Qxe8+ Kg5 48.Qg8+ Kf4 49.d5 Ke5 50.Kh3 Kd4
51.Qe6 Qf4 52.Qg4 Qxg4+ 53.Kxg4 Kxd5 54.Kxh4 Ke4 55.g4 d5 56.Kg3 Ke3 57.g5 d4
58.g6 d3 59.g7 d2 60.g8=Q d1=Q 61.Qe6+ Kd2 62.Qd5+ Kc2 63.Qxb7 Qd3+ 64.Kf4 Qxa3
65.Ke5  1/2-1/2

[Event "MTO"]
[Site "Biel SUI"]
[Date "2007.07.23"]
[Round "1"]
[White "Tseshkovsky,V"]
[Black "Bartels,Ho"]
[Result "1-0"]
[WhiteElo "2513"]
[BlackElo "2155"]

1.e4 c5 2.Nc3 e6 3.Nf3 Nc6 4.d4 cxd4 5.Nxd4 a6 6.Nxc6 bxc6 7.Bd3 e5 8.O-O Nf6
9.Na4 Be7 10.c4 c5 11.f4 d6 12.f5 Bb7 13.Nc3 h5 14.Bc2 Qc7 15.Ba4+ Bc6 16.Bxc6+ Qxc6
17.Qd3 O-O-O 18.Rb1 Rd7 19.a3 Rb7 20.b4 cxb4 21.axb4 Rc7 22.Nd5 Nxd5 23.cxd5 Qc4
24.Qf3 Kd7 25.Be3 Qd3 26.b5 axb5 27.f6 Bxf6 28.Qf5+ Ke8 29.Bb6 Rc4 30.Ra1  1-0

[Event "MTO"]
[Site "Biel SUI"]
[Date "2007.07.23"]
[Round "1"]
[White "Socko,B"]
[Black "Rasch,H"]
[Result "1-0"]
[WhiteElo "2660"]
[BlackElo "2257"]

1.e4 c5 2.Nf3 e6 3.d4 cxd4 4.Nxd4 Nc6 5.Nc3 Qc7 6.Be3 Nf6 7.a3 a6 8.f4 d5
9.e5 Nd7 10.Qd2 Na5 11.b3 b5 12.Nd1 Nc6 13.Be2 Bb7 14.O-O Rc8 15.Ra2 Be7
16.Nf2 Nc5 17.Nxc6 Bxc6 18.Bd4 O-O 19.Qe3 Bb7 20.b4 Na4 21.Bd3 Nc3 22.Rb2 g6
23.Rc1 Qc6 24.Re1 Rfd8 25.Qf3 Ne4 26.Ng4 h5 27.Ne3 Kg7 28.Nd1 Rh8 29.Qe3 Qd7
30.g3 Bc6 31.c3 Ra8 32.Nf2 Nxf2 33.Rxf2 a5 34.f5 Bd8 35.Ref1 Qe8 36.f6+ Kf8
37.Bc5+ Kg8 38.Bxg6  1-0

[Event "IMA"]
[Site "Dimitrov RUS"]
[Date "2007.07.23"]
[Round "2"]
[White "Fokin,St"]
[Black "Tologontegin,S"]
[Result "1/2-1/2"]
[WhiteElo "2114"]
[BlackElo "2320"]

1.e4 c5 2.Nf3 e6 3.d4 cxd4 4.Nxd4 Nc6 5.Nc3 Nf6 6.Ndb5 Bb4 7.a3 Bxc3+ 8.Nxc3 d5
9.exd5 Nxd5 10.Nxd5 exd5 11.Bd3 Qe7+ 12.Qe2 Qxe2+ 13.Bxe2 Bf5 14.c3 d4 15.cxd4 Nxd4
16.Bd1 Bd3 17.Be3 Nf5 18.Ba4+ b5 19.Rd1 Bc4 20.b3 Nxe3 21.fxe3 bxa4 22.bxc4 Rb8
23.Rd5 Rb1+ 24.Rd1 Rb3 25.Ke2 Rxa3 26.Ra1 Rc3 27.Rxa4 O-O 28.Rd1 Re8 29.Rd3 Rc2+
30.Rd2 Rc3 31.Rd3 Rc2+ 32.Rd2 Rc1 33.Rxa7 Rxc4 34.Rdd7 Rc2+ 35.Kf3 Rc1 36.Ke2 Rf8
37.Re7 g6 38.Kf2 Rc2+ 39.Kf3 Rc1 40.Kf2 Rc2+ 41.Kf3 Rc6 42.Ke2 Rf6 43.Rab7 h5
44.Ra7 Kg7 45.Rad7 Kh6 46.Rb7 h4 47.h3 g5 48.Rbc7 Kg6 49.Rb7  1/2-1/2

[Event "Najdorf Mem GpA"]
[Site "Grodzisk Mazowiecki POL"]
[Date "2007.07.23"]
[Round "4"]
[White "Czarnota,D"]
[Black "Jensen,C"]
[Result "1-0"]
[WhiteElo "2243"]
[BlackElo "2018"]

1.e4 c5 2.Nf3 e6 3.d4 cxd4 4.Nxd4 Nc6 5.Nc3 a6 6.Be3 Qc7 7.Be2 Nf6 8.O-O Be7
9.a4 O-O 10.f4 d6 11.Kh1 Rd8 12.Qe1 Nd7 13.Qg3 Bf6 14.Rad1 Nc5 15.Nxc6 Qxc6
16.e5 Be7 17.exd6 Rxd6 18.Bd4 Bf8 19.Bf3 Qc7 20.Be5 Rxd1 21.Rxd1 Qe7 22.Bd6 Qe8
23.Ne4 Nxe4 24.Bxe4 Bxd6 25.Rxd6 Bd7 26.Bxh7+ Kf8 27.Qa3 Qe7 28.Rxd7 Qxa3
29.bxa3 g6 30.Bxg6 fxg6 31.Rxb7 Rc8 32.h3 Rxc2 33.Rb6 Kf7 34.Rxa6 Rf2 35.Ra7+ Kf6
36.Ra8 Ke7 37.a5 Rxf4 38.a6 Ra4 39.a7  1-0

[Event "29th Politiken Cup"]
[Site "Copenhagen DEN"]
[Date "2007.07.24"]
[Round "5"]
[White "Nithander,V"]
[Black "Cmilyte,V"]
[Result "1/2-1/2"]
[WhiteElo "2357"]
[BlackElo "2467"]

1.e4 c5 2.Nf3 e6 3.Nc3 Nc6 4.d4 cxd4 5.Nxd4 Qc7 6.Be3 a6 7.Bd3 Nf6 8.O-O b5
9.Nxc6 Qxc6 10.f3 Bc5 11.Qd2 d6 12.a4 b4 13.Ne2 Qb6 14.Bxc5 Qxc5+ 15.Kh1 O-O
16.Rfc1 Rb8 17.a5 e5 18.c3 d5 19.exd5 Qxd5 20.Qe3 bxc3 21.Nxc3 Qe6 22.Qe2 Bb7
23.Bc4 Qf5 24.Bxa6 Bxa6 25.Qxa6 Rxb2 26.Qf1 h5 27.a6 Ra8 28.Rcb1 Rxb1 29.Qxb1 Qc8
30.Qd3 Qc5 31.h3 g6 32.Nb5 h4 33.a7 Nh5 34.Kh2 Ng3 35.Qb1 e4 36.fxe4 Qe5
37.Kg1 Qc5+ 38.Kh2 Qe5 39.Kg1 Nxe4 40.Ra4 Ng3 41.Rxh4 Ne2+ 42.Kh1 Ng3+ 43.Kg1 Ne2+
44.Kh1 Ng3+ 45.Kg1  1/2-1/2

[Event "Open NK"]
[Site "Dieren NED"]
[Date "2007.07.24"]
[Round "1"]
[White "Van Nies,P"]
[Black "Reinderman,D"]
[Result "0-1"]
[WhiteElo "2162"]
[BlackElo "2506"]

1.e4 c5 2.Nf3 Nc6 3.d4 cxd4 4.Nxd4 e6 5.Nc3 a6 6.Be2 Nge7 7.Be3 Nxd4 8.Qxd4 b5
9.f4 Nc6 10.Qd2 d6 11.O-O Be7 12.Bf3 Qc7 13.Rae1 O-O 14.Qf2 Rb8 15.Kh1 Bd7
16.Bc1 b4 17.Nd5 Qa5 18.Nxe7+ Nxe7 19.Rd1 Nc8 20.e5 Bb5 21.Rfe1 dxe5 22.fxe5 Ne7
23.Be4 Qc7 24.Be3 Bc6 25.Bc5 Bxe4 26.Rxe4 a5 27.Bd6 Qc6 28.Qe2 Rb7 29.Rc4 Qb5
30.b3 Re8 31.Bxe7 Rbxe7 32.Rd6 h6 33.Qe1 Rd7 34.Rxd7 Qxd7 35.h3 Rc8 36.Qe4 Rd8
37.Kh2 Qd2 38.Qb7 g5 39.Qb6 Rd5 40.Qb8+ Kg7 41.Qc7 Qe3 42.Qb8 h5 43.h4 g4  0-1

[Event "Open NK"]
[Site "Dieren NED"]
[Date "2007.07.24"]
[Round "1"]
[White "Obels,J"]
[Black "Van der Elburg,F"]
[Result "0-1"]
[WhiteElo "2126"]
[BlackElo "2339"]

1.e4 c5 2.Nf3 e6 3.d4 cxd4 4.Nxd4 Nc6 5.Nc3 Qc7 6.Be3 a6 7.f4 b5 8.Qf3 Bb7
9.Nxc6 Bxc6 10.Bd3 Qb7 11.f5 b4 12.Ne2 Nf6 13.Ng3 Bd6 14.Bf4 Bc5 15.Be5 Be7
16.O-O d6 17.Bxf6 Bxf6 18.fxe6 fxe6 19.Qg4 Qe7 20.Rab1 O-O 21.Bc4 d5 22.exd5 Bxd5
23.Kh1 Qc5 24.Bxd5 exd5 25.Nh5 Bxb2 26.h3 Rxf1+ 27.Rxf1 Qd6 28.Qg5 h6 29.Qg4 Re8
30.Ng3 Be5 31.Nf5 Rf8 32.Rf3 Qe6 33.Qh5 Bc7 34.Ne3 Rxf3 35.Qxf3 d4 36.Nf1 a5
37.Qb7 Qf7 38.Qa8+ Kh7 39.Qe4+ Qg6 40.Qe2 h5 41.Qf3 Kh6 42.Qe2 Qf7 43.Qd2+ g5
44.Qd3 Qxa2 45.Qxd4 Qf7 46.Nd2 Qg7 47.Qc4 g4 48.Qc6+ Kg5 49.Ne4+ Kh4 50.g3+ Bxg3
51.Nxg3 Kxg3 52.Qg2+ Kh4 53.Qe2 Qc3 54.Qf2+ Kg5 55.h4+ Kg6 56.Qb6+ Qf6 57.Qxa5 g3  0-1

[Event "Open NK"]
[Site "Dieren NED"]
[Date "2007.07.24"]
[Round "1"]
[White "Spaan,N"]
[Black "Gofshtein,Z"]
[Result "0-1"]
[WhiteElo "2178"]
[BlackElo "2541"]

1.e4 c5 2.Nf3 Nc6 3.Nc3 e6 4.d4 cxd4 5.Nxd4 Qc7 6.Be2 a6 7.O-O b5 8.Nxc6 dxc6
9.f4 Bb7 10.e5 Rd8 11.Qe1 c5 12.Bf3 Bxf3 13.Rxf3 Nh6 14.Ne4 Be7 15.c3 Qc6
16.Ng3 O-O 17.Nh5 Rd7 18.Be3 Rfd8 19.Rg3 g6 20.Nf6+ Bxf6 21.exf6 Nf5 22.Rh3 Qe4
23.Bxc5 Qxf4 24.Bb6 Re8 25.Rd1 Rxd1 26.Qxd1 Qg5 27.Qd7 Qc1+ 28.Kf2 Qxb2+
29.Kf1 Qb1+ 30.Kf2 Qxa2+ 31.Ke1 Qb1+ 32.Kf2 Qc2+ 33.Kf1 Qc1+ 34.Ke2 Qc2+
35.Kf1 Qc1+ 36.Ke2 Qb2+ 37.Kf1 Qb1+ 38.Kf2 Qa2+ 39.Ke1 Rf8 40.Bc5 Qb1+ 41.Kf2 Qc2+
42.Kf1 Ra8 43.g4 h5 44.gxh5 Qb1+ 45.Kf2 Qa2+ 46.Kf3 g5 47.h6 g4+ 48.Kxg4 Qg2+
49.Rg3 Qe4+ 50.Kh3+ Nxg3  0-1

[Event "Open NK"]
[Site "Dieren NED"]
[Date "2007.07.24"]
[Round "1"]
[White "Bensdorp,L"]
[Black "Van der Poel,H"]
[Result "1/2-1/2"]
[WhiteElo "2119"]
[BlackElo "2323"]

1.e4 c5 2.Nf3 e6 3.d4 cxd4 4.Nxd4 Nc6 5.Nc3 Qc7 6.Be2 a6 7.O-O Nf6 8.Kh1 Nxd4
9.Qxd4 Bc5 10.Qd3 b5 11.Bg5 Bb7 12.Bxf6 gxf6 13.Bh5 Rg8 14.Rad1 Rg7 15.a3 O-O-O
16.Bf3 h5 17.Rd2 h4 18.h3 Qe5 19.Rfd1 d5 20.exd5 Bd6 21.Kg1 Qh2+ 22.Kf1 Bf4
23.Qd4 Bxd2 24.Rxd2 Rg5 25.Qxf6 Re5 26.Ne2 Bxd5 27.b3 Rd7 28.Rd3 Rc7 29.Bxd5 exd5
30.Qxa6+ Kd8 31.Qd6+ Rd7 32.Qf6+ Rde7 33.Qb6+ Rc7 34.Qb8+ Rc8 35.Qd6+ Ke8
36.Re3 Qh1+ 37.Ng1 Rxe3 38.fxe3 Rxc2 39.Qe5+ Kf8 40.Qh8+ Ke7 41.Qxh4+ Ke8
42.Qg5 Rc1+ 43.Ke2 Qxg1 44.Qe5+ Kd7 45.Qxd5+ Kc7 46.Qxf7+ Kb6 47.Qf6+ Rc6
48.Qd8+ Kb7 49.Qd7+  1/2-1/2

[Event "Open NK"]
[Site "Dieren NED"]
[Date "2007.07.24"]
[Round "1"]
[White "Ootes,La"]
[Black "Op den Kelder,J"]
[Result "0-1"]
[WhiteElo "2064"]
[BlackElo "2247"]

1.e4 c5 2.Nf3 e6 3.d4 cxd4 4.Nxd4 Nc6 5.Nc3 Qc7 6.Be3 a6 7.Qd2 Nf6 8.O-O-O Bb4
9.f3 Ne5 10.Nb3 b5 11.Qd4 Be7 12.Be2 O-O 13.Kb1 Rb8 14.g4 Nc4 15.Bxc4 bxc4
16.Nd2 d5 17.exd5 Nxd5 18.Nxd5 exd5 19.Bf4 Qb6 20.Qxb6 Rxb6 21.Be3 Re6 22.Bd4 f5
23.h3 fxg4 24.fxg4 Bg5 25.Bc5 Rf7 26.c3 h5 27.h4 Bf4 28.gxh5 Re2 29.Rhe1 Bf5+
30.Kc1 Bxd2+  0-1

[Event "ch-Gdansk"]
[Site "Gdansk POL"]
[Date "2007.07.24"]
[Round "4"]
[White "Kozakov,M"]
[Black "Cherepov,A"]
[Result "1-0"]
[WhiteElo "2423"]
[BlackElo "2249"]

1.e4 c5 2.Nf3 e6 3.d4 cxd4 4.Nxd4 Nc6 5.Nc3 Qc7 6.Be2 a6 7.O-O Nf6 8.Be3 Bb4
9.Na4 O-O 10.c4 Bd6 11.g3 Nxe4 12.Bf3 Nf6 13.c5 Be7 14.Rc1 g6 15.Re1 e5 16.Nb3 d5
17.cxd6 Bxd6 18.Nb6 Rb8 19.Bxc6 bxc6 20.Qf3 Qd8 21.Nxc8 Rxc8 22.Bg5 Be7 23.Rxe5 Nd5
24.Rxd5 cxd5 25.Rxc8 Qxc8 26.Bxe7 Re8 27.Bf6 Re1+ 28.Kg2 Qc4 29.Nd2 Qc6 30.Bd4 Re6
31.Nb3 Qc4 32.Bc3 Kf8 33.Nd4 Rb6 34.Qf4 h5 35.Qe5 Qc5 36.a3 Qc4 37.Bb4+ Kg8
38.Qe8+  1-0

[Event "Najdorf Mem GpA"]
[Site "Grodzisk Mazowiecki POL"]
[Date "2007.07.24"]
[Round "5"]
[White "Lapinski,K"]
[Black "Grabarczyk,B"]
[Result "1/2-1/2"]
[WhiteElo "2175"]
[BlackElo "2437"]

1.e4 c5 2.Nf3 e6 3.d4 cxd4 4.Nxd4 Nc6 5.Nc3 d6 6.Be3 Nf6 7.f3 Be7 8.Qd2 O-O
9.O-O-O Nd7 10.Ndb5 Qa5 11.Nxd6 Nde5 12.Nc4 Nxc4 13.Bxc4 Ne5 14.Bb3 b5 15.Kb1 b4
16.Ne2 Ba6 17.Nd4 Rfc8 18.Qf2 Nc4 19.Bxc4 Bxc4 20.b3 Ba6 21.Bc1 g6 22.f4 Rc3
23.Bb2 Rac8 24.e5 Bb7 25.Rhf1 Bc5 26.g4 Bf3 27.f5 exf5 28.gxf5 Bxd1 29.Rxd1 Rd8
30.e6 Qc7 31.fxg6 fxg6 32.Bxc3 bxc3 33.Qe3 Qg7 34.e7 Qxe7 35.Qxc3 Qe5 36.Qc4+ Kh8
37.c3 Ba3 38.Qf1 Qe4+ 39.Nc2 Rf8 40.Qg1 Kg8 41.Qxa7 Qe2 42.Qd7 Rf1 43.Qd5+ Kg7
44.Qd4+ Kf7 45.Qd5+ Kg7 46.Qd4+  1/2-1/2

[Event "Czech Open GMA"]
[Site "Pardubice CZE"]
[Date "2007.07.24"]
[Round "5"]
[White "Hoffmann,Mi1"]
[Black "Borisova,E"]
[Result "1-0"]
[WhiteElo "2481"]
[BlackElo "2285"]

1.e4 c5 2.Nf3 e6 3.d4 cxd4 4.Nxd4 Nc6 5.Nc3 Qc7 6.Be3 a6 7.Qd2 Nf6 8.f3 b5
9.O-O-O Ne5 10.Kb1 Bb7 11.Nb3 Rc8 12.Bd4 Bb4 13.Nxb5 axb5 14.Bxe5 Bxd2 15.Bxc7 Rxc7
16.Rxd2 Bc6 17.Rd4 d5 18.e5 Nd7 19.f4 f6 20.exf6 gxf6 21.Rb4 Rg8 22.Nd4 Ke7
23.g3 h5 24.Bh3 e5 25.Nxc6+ Rxc6 26.Rxb5 Nb6 27.b3 Kd6 28.Rd1 h4 29.gxh4 d4
30.c4 Rb8 31.fxe5+ fxe5 32.Re1 Rc5 33.Rxc5 Kxc5 34.Rxe5+ Kd6 35.Rb5  1-0

[Event "Czech Open GMA"]
[Site "Pardubice CZE"]
[Date "2007.07.24"]
[Round "5"]
[White "Jovanovic,Zo CRO"]
[Black "Zherebukh,Y"]
[Result "1/2-1/2"]
[WhiteElo "2537"]
[BlackElo "2418"]

1.e4 c5 2.Nf3 e6 3.Nc3 Nc6 4.d4 cxd4 5.Nxd4 Be7 6.Be3 Nf6 7.f4 d6 8.Qf3 a6
9.O-O-O Qc7 10.g4 Nxd4 11.Bxd4 e5 12.fxe5 dxe5 13.Qg3 Bd6 14.Be3 Be6 15.Be2 Rc8
16.Qg2 Bb4 17.Bd2 b5 18.Bd3 Qa5 19.Nd5 Bxd2+ 20.Qxd2 Qxd2+ 21.Rxd2 Nd7 22.Be2 Nc5
23.Bf3 f6 24.Rhd1 Kf7 25.b3 Rhd8 26.Kb2 Rd6 27.Ne3 Rxd2 28.Rxd2 Nb7 29.Be2 Nc5
30.Bf3 Nb7 31.Be2 Nc5  1/2-1/2

[Event "Czech Open GMA"]
[Site "Pardubice CZE"]
[Date "2007.07.24"]
[Round "5"]
[White "Dvoirys,S"]
[Black "Hasangatin,R"]
[Result "1/2-1/2"]
[WhiteElo "2577"]
[BlackElo "2476"]

1.e4 c5 2.Nf3 Nc6 3.d4 cxd4 4.Nxd4 e6 5.Nc3 Bb4 6.Nb5 Nf6 7.a3 Bxc3+ 8.Nxc3 d5
9.exd5 exd5 10.Qe2+ Be6 11.Bg5 h6 12.Bh4 O-O 13.O-O-O Re8 14.Qb5 Qc7 15.Kb1 a6
16.Qd3 Ne4 17.Nxd5 Bxd5 18.Qxd5 Rad8 19.Bxd8 Rxd8 20.Qxe4 Rxd1+ 21.Ka2 Qd7
22.c3 Na5 23.g3 Ra1+ 24.Kxa1 Qd1+ 25.Ka2 Qb3+ 26.Kb1 Qd1+ 27.Ka2 Qb3+  1/2-1/2

[Event "8th GM"]
[Site "Banja Luka BIH"]
[Date "2007.07.25"]
[Round "4"]
[White "Solodovnichenko,Y"]
[Black "Andersson,U"]
[Result "1/2-1/2"]
[WhiteElo "2582"]
[BlackElo "2520"]

1.e4 c5 2.Nf3 e6 3.d4 cxd4 4.Nxd4 Nc6 5.Nc3 a6 6.Nxc6 bxc6 7.Bd3 d5 8.O-O Nf6
9.Re1 Be7 10.e5 Nd7 11.Qg4 g6 12.b3 O-O 13.Na4 c5 14.c4 Bb7 15.cxd5 Bxd5
16.Bb2 Nb6 17.Rad1 Nxa4 18.Qxa4 Qb6 19.Bc3 Qb7 20.Be4 Bxe4 21.Qxe4 Qb5 22.Rd3 Rac8
23.Qc4 Rfd8 24.Red1 Qxc4 25.bxc4 Rxd3 26.Rxd3 Rd8 27.Rxd8+ Bxd8 28.Bd2 h5
29.Be3 Be7 30.f3 Kg7 31.Kf2 g5 32.Ke2 Kg6 33.g4 hxg4 34.fxg4 Kg7 35.Bd2 Bd8
36.Kd3 Kf8 37.Kc2 Ke8 38.Be3 Be7 39.Kb3 Kd7 40.Ka4  1/2-1/2